000 01485nam a22002297a 4500
001 5631
003 FISKH
005 20250108131409.0
008 250108b cb ||||| |||| 00| 0 eng d
020 _a9780195798333
040 _aFISKH
_beng
_cFISKH
_dFISKH
050 _aPR9540.S485
082 _a823.914
100 _aShamsie, Kamila
245 _aKartography /
_cby Kamila Shamsie
260 _aNew York :
_bOXford University Press ;
_c2002.
300 _a343 pages :
_billustrations, maps ;
_c22 cm .
520 _aSoul mates from birth Karim and Raheen are irrevocably bound to one another and to Karachi. It beats in their hearts - violent, polluted, corrupt, vibrant, brave and ultimately, home. However, Raheen is fiercely loyal and naively blinkered and she resents Karim's need to map their city and to expand the privileged world they know. When Karim is forced to leave for London their differences of opinion become a painful quarrel. As the years go by they let a barrier of silence build between them until, finally, they are brought together during a dry summer of strikes and ethnic violence and their relationship is poised between strained friendship and fated love. Impassioned and touching Kartography is a love song to Karachi. In her extraordinary new novel, Kamila Shamsie shows us that whatever happens in the world we must never forget the complicated war in our own hearts.
650 _afriendship
_vfiction
942 _2ddc
_cBK
_n0
999 _c5631
_d5631